000 00373nam a2200121 4500
008 180217b xxu||||| |||| 00| 0 eng d
100 _926616
_aEchaluce, Charina Clarisse L.
245 _aBe aware of 6 summer illnesses/
_cCharina Clarisse L Echaluce
260 _aPhilippines
_bManila Bulletin
_cc2016
300 _apage SS-2.
650 0 _926617
_aDiseases.
942 _2ddc
_cPER
999 _c8725
_d8725